| 000 | 00369 a2200157 4500 | ||
|---|---|---|---|
| 001 | 75239 | ||
| 020 | _a9788502082007 | ||
| 040 | _cAnchieta - Colégio São Paulo | ||
| 100 | _aAguiar,Luiz Antonio | ||
| 240 | 1 | 0 |
_aO cavalheiro das palavras _lpor |
| 245 | 1 | 0 | _aO cavalheiro das palavras |
| 300 | _a79 | ||
| 362 | 0 | _a2009 | |
| 650 | 4 | _aLiteratura juvenil | |
| 942 | _cBK | ||
| 999 |
_c75239 _d75239 |
||